[Event "Udaipur Lakecity rapid op 1st"]
[Site "Udaipur"]
[Date "2019.09.14"]
[Round "2"]
[White "Jain, Ayush"]
[Black "Himanshu, Sharma"]
[Result "0-1"]
[WhiteElo "1617"]
[BlackElo "2408"]
[PlyCount "88"]
[EventDate "2019.09.14"]
[EventType "swiss (rapid)"]
[EventRounds "9"]
[EventCountry "IND"]
[SourceTitle "EXT 2020"]
[Source "ChessBase"]
[SourceDate "2019.10.17"]
[SourceVersion "1"]
[SourceVersionDate "2019.10.17"]
[SourceQuality "1"]

1. d4 Nf6 2. Bf4 d6 3. Nc3 Nbd7 4. e4 e5 5. Bg5 Be7 6. Nf3 c6 7. a4 Qb6 8. Qd2 a5 9. dxe5 dxe5 10. Bc4 Qxb2 11. Rb1 Qa3 12. 0-0 Qd6 13. Qe2 h6 14. Rfd1 Qc7 15. Be3 Nh7 16. Bxf7+ Kxf7 17. Qc4+ Ke8 18. Nd5 Qd6 19. Nf4 Qxd1+ 20. Rxd1 exf4 21. Bxf4 Nhf6 22. Bd6 Nf8 23. Bxe7 Kxe7 24. Qc5+ Ke8 25. Qe5+ Be6 26. Nd4 Kf7 27. Qc7+ Kg8 28. Nxe6 Nxe6 29. Qxb7 Kh7 30. e5 Rad8 31. Rb1 Ne4 32. Qxc6 N4c5 33. g3 Rc8 34. Qb6 Nd4 35. Qxa5 Nf3+ 36. Kg2 Nxe5 37. Qd2 Rhf8 38. a5 Ne4 39. Qe3 Rxf2+ 40. Qxf2 Nxf2 41. Kxf2 Rxc2+ 42. Ke3 Ra2 43. Rb5 Rxa5 44. Rb8 Ng4+ 0-1